| 000 | 00313nam a2200109Ia 4500 | ||
|---|---|---|---|
| 008 | 190216s9999||||xx |||||||||||||| ||und|| | ||
| 100 | _aMaheswari S N | ||
| 245 | 0 | _aProblems And Solutions In Management Accounting And Financial Management | |
| 260 | _bCalicut University Publications | ||
| 300 | _a732p | ||
| 942 | _cBK | ||
| 999 |
_c5245 _d5245 |
||